| 000 | 00593nam a22001697a 4500 | ||
|---|---|---|---|
| 020 | _qHard Cover. | ||
| 082 | _a621.3 | ||
| 100 | _aBilal Haroon, Muhammad | ||
| 245 |
_aStochastic modeling of Cooperative Multi-Hop Networks with Longnormal-Rice Fading / _cMuhammad Bilal Haroon. |
||
| 260 |
_aIslamabad: _bSEECS - NUST, _c2015. |
||
| 300 |
_aix, 53 p. : ill. ; _c30cm. |
||
| 650 |
_aMS Thesis. _918721 |
||
| 700 |
_aDr. Syed Ali Hassan. _919591 |
||
| 856 | _uhttp://10.250.8.41:8080/xmlui/handle/123456789/6488 | ||
| 942 |
_2ddc _cTHE |
||
| 999 |
_c528058 _d528058 |
||